| 000 | 01118nam a22003137a 4500 | ||
|---|---|---|---|
| 001 | 0008042 | ||
| 003 | KOHA_MİRAKIL | ||
| 005 | 20260207001619.0 | ||
| 007 | ta | ||
| 008 | 091007b2007 tu |||gr||||#||||0|tur | | ||
| 020 |
_a9789751940988 _c0,01 |
||
| 040 |
_aTR-BiSEU _btur _cTR-BiSEU _erda |
||
| 041 | 0 | _atur | |
| 044 | _ctu | ||
| 050 |
_aHC241.25 _b.A97 2007 |
||
| 245 | 0 | _aAvrupa Birliği Türkiye mali işbirliği. | |
| 264 | 1 |
_aAnkara : _bT.C. Başbakanlık Avrupa Birliği Genel Sekreterliği _c2007 |
|
| 300 | _a78 sayfa: tablo; 21 cm. | ||
| 336 |
_ametin _btxt _2rdacontent |
||
| 337 |
_aaracısız _bn _2rdamedia |
||
| 338 |
_acilt _bnc _2rdacarrier |
||
| 650 | 0 |
_aEuropean Union--Turkey. _97516 |
|
| 650 | 0 |
_aAvrupa Birliği--Türkiye. _98351 |
|
| 650 | 0 |
_aTurkey--Foreign economic relations--European Union countries. _919902 |
|
| 650 | 0 |
_aTürkiye--Dış ekonomik ilişkiler--Avrupa Birliği ülkeleri. _919903 |
|
| 650 | 0 |
_aEuropean Union countries--Foreign economic relations--Turkey. _919904 |
|
| 650 | 0 |
_aAvrupa Birliği ülkeleri--Dış ekonomik ilişkiler--Türkiye. _919905 |
|
| 942 |
_2lcc _cBK |
||
| 999 |
_c8017 _d8017 |
||